000 01137cam a2200337 a 4500
001 14351025
003 OSt
005 20160224144852.0
008 060424s2006 nyu 000 1 eng
010 _a 2006043578
020 _a9780312316730
020 _a0312316739
035 _a(OCoLC)ocm68373459
035 _a(OCoLC)68373459
040 _aSEKU
050 0 0 _aPS 3562 .U26
_bB36 2006
100 1 _aLudlum, Robert,
_d1927-2001.
245 1 4 _aThe Bancroft strategy /
_cRobert Ludlum.
250 _a1st ed.
260 _aNew York :
_bSt. Martin's Press,
_c2006.
300 _a538 p. ;
_c25 cm.
650 0 _aKidnapping
_vFiction.
650 0 _aTerrorists
_vFiction.
650 0 _aConspiracies
_vFiction.
650 0 _aFamily foundations
_vFiction.
655 7 _aSuspense fiction.
_2gsafd
856 4 2 _3Contributor biographical information
_uhttp://www.loc.gov/catdir/enhancements/fy0665/2006043578-b.html
856 4 2 _3Publisher description
_uhttp://www.loc.gov/catdir/enhancements/fy0665/2006043578-d.html
856 4 1 _3Sample text
_uhttp://www.loc.gov/catdir/enhancements/fy0714/2006043578-s.html
942 _2lcc
_cGEN
999 _c11446
_d11446